000 00633nam a2200253Ia 4500
001 4513
005 20240113233741.0
007 ta
008 050613s g b000 u eng u
040 _aCotton College,Assam
041 _aeng
082 _a423.1
_bB 488 D
100 _aBigsby, C.W.E. .
245 0 _aDada and Surrealism /
_cC.W.E. Bigsby.
_hTextual Documents
250 _a1st ed. /
260 _aNorfolk :
_bMethuen & Co Ltd ,
_cnd.
300 _a91p. ;
_c17cm.
504 _aIndex
653 _aEnglish language
653 _aPG-English
942 _2ddc
_cBK
999 _c4500
_d4500